00330nam a22001337a 450000500170000000800410001702000180005804000130007608200170008910000160010624500330012226000300015530000110018520170616093726.0170616b xxu||||| |||| 00| 0 eng d a9781570622090 cPK-LaUMT a297.4bINA-I aInayat Khan aThe inner life/cInayat Khan aBoston:bShambhala,c1997 a174 p.